00481nam a2200193 a 4500001001300000003000900013005001700022008004100039020001000080082001600090100001600106245002800122260004300150300000900193500003500202505001000237650002400247700001600271nice12345678IN_TiNIC20260116011601.0050524s1920 lona grp 000 0 eng  ac10000a297.4bZWE1 aZwemer, S M aMoslem Seeker After God aLondonbFleming H Revell Compantc1920 a302p aincludes index and biblioraphy2 aIndex aAlghazali-Biography1 aZwemer, S M